Ultimate Nazi Germany Quiz - Statistics

General Stats
  • This quiz has been taken 2,430 times
    541 since last reset
  • The average score is 15 of 67
Answer Stats
Hint Answer % Correct
Reichsführer of the SS Heinrich Himmler
88%
Chief of the OKL Hermann Göring
82%
Reichsminister of Public Enlightenment & Propaganda Joseph Goebbels
79%
Commander of Panzer Army Africa Erwin Rommel
62%
Deputy Führer of the Nazi Party (1933-1941) Rudolf Hess
49%
What was the annexation of Austria called? Anschluss
48%
Company established in 1937 to provide cheap cars for German families Volkswagen
47%
Reichsminister of Armaments & War Production (1942-1945) Albert Speer
45%
Belief that the German people need more land to prosper Lebensraum
42%
Director of the RSHA (1939-1941) Reinhard Heydrich
38%
Commander of the SA (1931-1934) Ernst Röhm
36%
Reichsminister of Foreign Affairs (1938-1945) Joachim von Ribbentrop
36%
Chief of the OKM (1943-1945) Karl Dönitz
35%
Main suspect in the above plot Claus von Stauffenberg
33%
Infamous event on November 9, 1938 Kristallnacht
33%
Chief of the Nazi Party Chancellery & Hitler's Secretary Martin Bormann
33%
Chief of the OKW Wilhelm Keitel
30%
Where did the attempted assassination of Hitler take place? Wolf's Lair
30%
Head of the Central Office for Jewish Emigration Adolf Eichmann
29%
At what meeting did Nazi leaders decide the final solution to the "Jewish Question?" Wannsee Conference
28%
Second place party in the 1933 German Federal Election Social Democratic Party
27%
Chief of the Operations Staff of the OKW Alfred Jodl
24%
What short event began on June 30, 1934? Night of the Long Knives
22%
What was the date of the assassination plot against Hitler? 20 July 1944
21%
Commander of the 6th Army (1941-1943) Friedrich Paulus
21%
Inspector General of Armored Troops Heinz Guderian
21%
Commander of Army Group Don & Army Group South (1943-1944) Erich von Manstein
20%
Nazi economic goal; German for self-sufficiency Autarky
19%
What was the plan that called for the mobilization of the Replacement Army? Operation Valkyrie
19%
The Enabling Act gave Hitler emergency powers for how long? 5 years
16%
Intelligence agency of the Wehrmacht Abwehr
16%
Hitler's First Vice Chancellor Franz von Papen
16%
Publisher of Der Stürmer Julius Streicher
16%
Intelligence agency of the SS Sicherheitsdienst
16%
What organizations did the Nazis raid & ban in May 1933 Trade Unions
16%
Commander of Luftflotte 1 (1939-1940), Luftlotte 2 (1940-1943), Army Group C (1943-1945), & OB South Albert Kesselring
14%
Chief of the OKM (1935-1943) Erich Raeder
13%
War plan used in the Battle of France Fall Gelb
13%
Reichsminister of Armaments & War Production (1940-1942) Fritz Todt
13%
Reichsminister of Economics (1934-1937) & President of the Reichsbank (1933-1939) Hjalmar Schacht
13%
How was rearmament funded without leaving a paper trail? MEFO Bills
13%
Minister for the occupied eastern territories Alfred Rosenberg
12%
SS stands for Schutzstaffel. What does it mean? Protection Squadron
12%
Head of the German Labor Front Robert Ley
12%
Commander of Army Group Center (Start of Barbarossa) Fedor von Bock
11%
Commander of the 9th Army (1942-1943), Army Group North (1944), Army Group North Ukraine (1944), Army Group Center (1944), OB West (1944), & Army Group B (1944-1945) Walter Model
11%
Reich Minister of the Interior Wilhelm Frick
11%
Chancellor of Austria (11/3/38 - 13/3/38) & Reichskommissar of the Netherlands Arthur Seyss-Inquart
10%
War plan used in the Caucasus offensive Fall Blau
10%
Reichsminister of Economics (1938-1945) & President of the Reichsbank (1939-1945) Walther Funk
10%
National Youth Leader (1931-1940) Baldur von Schirach
9%
Commander of Army Group South (Start of Barbarossa) Gerd von Rundstedt
9%
Director of the RSHA (1943-1945) Ernst Kaltenbrunner
8%
Reichsminister of Foreign Affairs (1932-1938) Konstantin von Neurath
8%
Commander of the 1st Parachute Army Kurt Student
7%
Commander of Army Group Vistula Gotthard Heinrici
6%
Commander of the 4th Panzer Army (1942-1943) Hermann Hoth
6%
Chief of the OKH (1938-1941) Walther von Brauchitsch
6%
Commander of the Condor Legion & Luftflotte 3 Hugo Sperrle
5%
Commander of Army Group North (Start of Barbarossa) Wilhelm Ritter von Leeb
5%
Commander of the 1st Panzer Army (1940-1942) & Army Group A (1942-1943) Ewald von Kleist
4%
Commander of the 3rd Panzer Army (1941-1944) Georg-Hans Reinhardt
4%
Commander of Army Group Center (1941-1943) & OB West (1944) Günther von Kluge
4%
Chief of the Reich Chancellery Hans Lammers
4%
Commander of the 5th Panzer Army (1944-1945) Hasso von Manteuffel
3%
Commander of the 6th Army (1939-1941) Walter von Reichenau
2%
Commander of the 1st Panzer Army (1943-1944) & XVI Panzer Corps (1942-1943) Hans-Valentin Hube
1%
No matching quizzes found
Score Distribution
Percent of People with Each Score
Percentile by Number Answered
Your Score History
You have not taken this quiz since the last reset